Komunikácia a jej vplyv na zvyšovanie výkonnosti podniku diplomová práca

Gespeichert in:
Bibliographische Detailangaben
1. Verfasser: Ondreička, Tomáš
Körperschaft: Fakulta podnikového manažmentu EU. Katedra manažmentu
Weitere Verfasser: Volár, Jozef
Format: Buch
Sprache:Slowakisch
Veröffentlicht: Bratislava 2009
Tags: Tag hinzufügen
Keine Tags, Fügen Sie das erste Tag hinzu!

MARC

LEADER 00000nam$a2200000$$$4500
001 0101842
005 20240320075024.5
041 0 |a slo 
044 |a SK 
245 1 0 |a Komunikácia a jej vplyv na zvyšovanie výkonnosti podniku  |b diplomová práca  |c Tomáš Ondreička ; škol. Jozef Volár 
264 1 |a Bratislava  |c 2009 
300 |a 64 s. 
100 1 |a Ondreička, Tomáš 
700 1 |a Volár, Jozef 
710 2 |a Fakulta podnikového manažmentu EU. Katedra manažmentu